德国所有州直辖市(城市点位地图版) - Statistics

General Stats
  • This quiz has been taken 8 times
  • The average score is 25 of 109
Answers on the Map
Answers color-coded by a green-red scale on the quiz's map according to % correct below.
 
Answer Stats
城市 % Correct
巴伐利亚自由州 慕尼黑
100%
柏林州 柏林
100%
勃兰登堡州 奥得河畔法兰克福
100%
汉堡州 汉堡
100%
黑森州 美因河畔法兰克福
100%
不来梅州 不来梅
88%
巴登-符腾堡州 斯图加特
75%
下萨克森州 汉诺威
75%
北莱茵-威斯特法伦州 杜塞尔多夫
75%
萨克森州 德累斯顿
75%
巴伐利亚自由州 纽伦堡
63%
北莱茵-威斯特法伦州 科隆
63%
北莱茵-威斯特法伦州 多特蒙德
63%
北莱茵-威斯特法伦州 亚琛
63%
萨克森州 莱比锡
63%
巴登-符腾堡州 曼海姆
50%
勃兰登堡州 哈弗尔河畔勃兰登堡
50%
北莱茵-威斯特法伦州 杜伊斯堡
50%
北莱茵-威斯特法伦州 波恩
50%
萨克森-安哈尔特州 马格德堡
50%
石勒苏益格-荷尔斯泰因州 基尔
50%
石勒苏益格-荷尔斯泰因州 吕贝克
50%
巴登-符腾堡州 布雷斯高地区弗莱堡
38%
巴登-符腾堡州 海德堡
38%
下萨克森州 哥廷根
38%
北莱茵-威斯特法伦州 埃森
38%
北莱茵-威斯特法伦州 波鸿
38%
莱茵兰-普法尔茨州 美因茨
38%
莱茵兰-普法尔茨州 特里尔
38%
萨克森-安哈尔特州 萨勒河畔哈勒
38%
巴登-符腾堡州 巴登-巴登
25%
巴伐利亚自由州 奥格斯堡
25%
勃兰登堡州 科特布斯
25%
黑森州 威斯巴登
25%
黑森州 达姆施塔特
25%
梅克伦堡-前波美拉尼亚州 罗斯托克
25%
梅克伦堡-前波美拉尼亚州 什未林
25%
下萨克森州 布伦瑞克
25%
下萨克森州 奥尔登堡
25%
下萨克森州 奥斯纳布吕克
25%
下萨克森州 沃尔夫斯堡
25%
北莱茵-威斯特法伦州 比勒费尔德
25%
北莱茵-威斯特法伦州 明斯特
25%
北莱茵-威斯特法伦州 盖尔森基兴
25%
北莱茵-威斯特法伦州 门兴格拉德巴赫
25%
北莱茵-威斯特法伦州 勒沃库森
25%
萨克森州 开姆尼茨
25%
巴登-符腾堡州 卡尔斯鲁厄
13%
巴登-符腾堡州 乌尔姆
13%
巴伐利亚自由州 雷根斯堡
13%
巴伐利亚自由州 因戈尔施塔特
13%
巴伐利亚自由州 维尔茨堡
13%
巴伐利亚自由州 菲尔特
13%
巴伐利亚自由州 施韦因富特
13%
勃兰登堡州 波茨坦
13%
黑森州 卡塞尔
13%
黑森州 美因河畔奥芬巴赫
13%
下萨克森州 代尔门霍斯特
13%
下萨克森州 威廉港
13%
北莱茵-威斯特法伦州 伍珀塔尔
13%
北莱茵-威斯特法伦州 克雷费尔德
13%
北莱茵-威斯特法伦州 哈姆
13%
北莱茵-威斯特法伦州 鲁尔河畔米尔海姆
13%
莱茵兰-普法尔茨州 凯泽斯劳滕
13%
图林根州 埃尔福特
13%
图林根州 耶拿
13%
图林根州 魏玛
13%
巴登-符腾堡州 普福尔茨海姆
0%
巴登-符腾堡州 海尔布隆
0%
巴伐利亚自由州 埃朗根
0%
巴伐利亚自由州 班贝格
0%
巴伐利亚自由州 阿沙芬堡
0%
巴伐利亚自由州 拜罗伊特
0%
巴伐利亚自由州 兰茨胡特
0%
巴伐利亚自由州 阿尔高地区肯普滕
0%
巴伐利亚自由州 罗森海姆
0%
巴伐利亚自由州 帕绍
0%
巴伐利亚自由州 施特劳宾
0%
巴伐利亚自由州 霍夫
0%
巴伐利亚自由州 考夫博伊伦
0%
巴伐利亚自由州 梅明根
0%
巴伐利亚自由州 安贝格
0%
巴伐利亚自由州 上普法尔茨地区魏登
0%
巴伐利亚自由州 科堡
0%
巴伐利亚自由州 施瓦巴赫
0%
巴伐利亚自由州 安斯巴赫
0%
不来梅州 不来梅哈芬
0%
下萨克森州 萨尔茨吉特
0%
下萨克森州 埃姆登
0%
北莱茵-威斯特法伦州 奥伯豪森
0%
北莱茵-威斯特法伦州 哈根
0%
北莱茵-威斯特法伦州 索林根
0%
北莱茵-威斯特法伦州 赫恩
0%
北莱茵-威斯特法伦州 博特罗普
0%
北莱茵-威斯特法伦州 雷姆沙伊德
0%
莱茵兰-普法尔茨州 莱茵河畔路德维希港
0%
莱茵兰-普法尔茨州 科布伦茨
0%
莱茵兰-普法尔茨州 沃尔姆斯
0%
莱茵兰-普法尔茨州 葡萄酒之路旁诺伊施塔特
0%
莱茵兰-普法尔茨州 施派尔
0%
莱茵兰-普法尔茨州 普法尔茨地区兰道
0%
莱茵兰-普法尔茨州 普法尔茨地区弗兰肯塔尔
0%
莱茵兰-普法尔茨州 皮尔马森斯
0%
莱茵兰-普法尔茨州 茨魏布吕肯
0%
萨克森-安哈尔特州 德绍-罗斯劳
0%
石勒苏益格-荷尔斯泰因州 弗伦斯堡
0%
石勒苏益格-荷尔斯泰因州 新明斯特
0%
图林根州 格拉
0%
图林根州 苏尔
0%
No matching quizzes found
Score Distribution
Percent of People with Each Score
Percentile by Number Answered
Your Score History
You have not taken this quiz